000 005770000a22001810004500
003 MACL
005 20160522165807.0
008 160522b xxu||||| |||| 00| 0 eng d
040 _aMACL
_cMACL
041 _aHindi
082 _a891.433
100 _aबक्षी, रमेश
_945889
245 _aकलकत्‍ता से दिल्‍ली तक
_cरमेश बक्षी
260 _bवर्षा साहित्‍य सदन
_c2001
_aदिल्‍ली
350 _a200
650 _aNovel
_958983
942 _cHIN
_k891.433/BAK/N
_2ddc
999 _c10190
_d10190